=LDR 00000nam 2200000 4500 =001 INLIS000000000050749 =005 20170516080600 =035 ##$$a 0010-0517000402 =007 ta =008 170516###########################0###### =020 ##$$a 978 - 602 - 978 - 952 - 2 =082 ##$$a 959. 8 =084 ##$$a 959. 8 KRE s =100 #$$a Kresna, Ardian =245 1#$$a Sejarah Panjang Mataram : $b Menengok Berdirinya Kesultanan Yogyakarta /$c ardian Kresna =250 ##$$a 1 =260 ##$$a Yogyakarta :$b Diva Press,$c 2011 =300 ##$$a 408 ; $c 20 cm =650 ##$$a Sejarah =990 ##$$a 85298529 =990 ##$$a 85298529 =990 ##$$a 31701061 =990 ##$$a 02201708529 =990 ##$$a 31701062 =990 ##$$a 31701061